Eastern Utah Libraries Catalog: Duchesne, Heber, Roosevelt, & Vernal

How to be perfect : (Record no. 371667)

MARC details
000 -LEADER
fixed length control field 04989cam a22005418i 4500
001 - CONTROL NUMBER
control field on1281791543
003 - CONTROL NUMBER IDENTIFIER
control field OCoLC
005 - DATE AND TIME OF LATEST TRANSACTION
control field 20220322122350.0
008 - FIXED-LENGTH DATA ELEMENTS--GENERAL INFORMATION
fixed length control field 211028s2022 nyua e b 001 0 eng
010 ## - LIBRARY OF CONGRESS CONTROL NUMBER
LC control number 2021031127
020 ## - INTERNATIONAL STANDARD BOOK NUMBER
International Standard Book Number 9781982159313
Qualifying information (hardcover)
020 ## - INTERNATIONAL STANDARD BOOK NUMBER
International Standard Book Number 1982159316
Qualifying information (hardcover)
020 ## - INTERNATIONAL STANDARD BOOK NUMBER
International Standard Book Number 9781982199951
Qualifying information (paperback)
020 ## - INTERNATIONAL STANDARD BOOK NUMBER
International Standard Book Number 1982199954
Qualifying information (paperback)
020 ## - INTERNATIONAL STANDARD BOOK NUMBER
International Standard Book Number 9781982159320
Qualifying information (paperback)
020 ## - INTERNATIONAL STANDARD BOOK NUMBER
International Standard Book Number 1982159324
Qualifying information (paperback)
020 ## - INTERNATIONAL STANDARD BOOK NUMBER
Cancelled/invalid ISBN 9781982159337
Qualifying information (ebook)
035 ## - SYSTEM CONTROL NUMBER
System control number (OCoLC)1281791543
Canceled/invalid control number (OCoLC)1259586983
-- (OCoLC)1281165330
-- (OCoLC)1291404822
-- (OCoLC)1296034837
037 ## - SOURCE OF ACQUISITION
Source of stock number/acquisition Simon & Schuster, Order Dept 100 Front st, Riverside, NJ, USA, 08075
Note SAN 200-2442
040 ## - CATALOGING SOURCE
Original cataloging agency DLC
Language of cataloging eng
Description conventions rda
Transcribing agency DLC
Modifying agency OCLCF
-- HBP
-- IH9
-- OCLCO
-- GL4
-- IUK
-- YDX
-- BDX
-- CNNWP
-- JTB
-- RNL
-- UAP
-- JQM
-- OCLCO
-- ILC
-- EAU
-- TUL
-- CNCAR
-- VP@
-- MNE
042 ## - AUTHENTICATION CODE
Authentication code pcc
050 00 - LIBRARY OF CONGRESS CALL NUMBER
Classification number PN6231.C6142
Item number S357 2022
082 00 - DEWEY DECIMAL CLASSIFICATION NUMBER
Classification number 818/.602
Edition number 23/eng/20211028
092 ## - LOCALLY ASSIGNED DEWEY CALL NUMBER (OCLC)
Classification number 818 Schu
100 1# - MAIN ENTRY--PERSONAL NAME
Personal name Schur, Michael,
Dates associated with a name 1975-
Relator term author.
9 (RLIN) 5773509
245 10 - TITLE STATEMENT
Title How to be perfect :
Remainder of title the correct answer to every moral question /
Statement of responsibility, etc Michael Schur ; with philosophical nitpicking by Professor Todd May.
246 34 - VARYING FORM OF TITLE
Title proper/short title How to be perfec t
246 3# - VARYING FORM OF TITLE
Title proper/short title How to be perfect
250 ## - EDITION STATEMENT
Edition statement First Simon & Schuster hardcover edition.
263 ## - PROJECTED PUBLICATION DATE
Projected publication date 2203
264 #1 - Production, Publication, Distribution, Manufacture, and Copyright Notice.
Place of production, publication, distribution, manufacture New York :
Name of producer, publisher, distributor, manufacturer Simon & Schuster,
Date of production, publication, distribution, manufacture, or copyr 2022.
264 #4 - Production, Publication, Distribution, Manufacture, and Copyright Notice.
Date of production, publication, distribution, manufacture, or copyr 2022
300 ## - PHYSICAL DESCRIPTION
Extent xi, 289 pages :
Other physical details illustrations ;
Dimensions 24 cm
336 ## - Content Type
Content type term text
336 ## - Content Type
Content type term still image
337 ## - Media type
Media type term unmediated
338 ## - Carrier type
Carrier type term volume
500 ## - GENERAL NOTE
General note On jacket, title is purposefully shown as: "How to Be Perfec t" with the final letter on the next line (cover) or separated by an inch from the rest of the word (spine title).
504 ## - BIBLIOGRAPHY, ETC. NOTE
Bibliography, etc Includes bibliographical references (pages [267]-278) and index.
505 0# - FORMATTED CONTENTS NOTE
Formatted contents note Introduction: a few questions readers might have, before we get started -- Part One: in which we learn various theories about how to be good people from the three main schools of western moral philosophy that have emerged over the last 2,400 years, plus a bunch of other cool stuff, all in like eighty pages. Should I punch my friend in the face for no reason? ; Should I let this runaway trolley I'm driving kill five people, or should I pull a lever and deliberately kill one (different) person? ; Should I lie and tell my friend I like her ugly shirt? ; Do I have to return my shopping cart to the shopping cart rack thingy? I mean... it's all the way over there -- Part Two: In which we take everything we've learned, and we start asking some tougher questions, and we use the stuff we've learned to try to answer them, and we also learn a bunch more cool stuff. Should I run into a burning building and try to save everyone trapped inside? ; I just did something unselfish, but what's in it for me?! ; Yes, I bumped into your car, but do you even care about hurricane Katrina?! ; We've done some good deeds, and given a bunch of money to charity, and we're generally really nice and morally upstanding people, so can we take three of these free cheese samples from the cheese sample plate at the supermarket even though it clearly says "one per customer"? -- Part Three: in which things get really tough, but we power through and complete our journeys, becoming perfectly virtuous and flourishing and deontologically pure happiness-generating super-people, and also there's a chapter with some cursing in it, but it's for a good reason. Oh, you bought a new iPhone? That's cool, did you know that millions of people are starving in South Asia?! ; This sandwich is morally problematic, but it's also delicious, can I still eat it? ; Making ethical decisions is hard, can we just... not make them? ; I gave a twenty-seven-cent tip to my barista, and now everyone's yelling at me on Twitter, just because I'm a billionaire! I can't even enjoy the soft-shell crab rolls that my sushi chef made for my private dirigible trip to the Dutch Antilles! How is that fair?! ; I screwed up, do I have to say I'm sorry? -- Coda: Okay, kids, what have we learned?.
520 ## - SUMMARY, ETC.
Summary, etc "From the creator of The Good Place and the co-creator of Parks and Recreation, a hilarious, thought-provoking guide to living an ethical life, drawing on 2,500 years of deep thinking from around the world"--
520 ## - SUMMARY, ETC.
Summary, etc It's not always easy to determine what's "good" or "bad"-- especially in a world filled with complicated choices and bad advice. Schur starts off with easy ethical questions and works his way up to the most complex moral issues we all face-- and does it with wit and deep insight, so that we can sound cool at parties and become better people. -- adapted from jacket
583 ## - ACTION NOTE
Action cat
Action identification stacks
Time/date of action 20220223
Action agent kjw
Institution to which field applies UPB
650 #0 - SUBJECT ADDED ENTRY--TOPICAL TERM
Topical term or geographic name as entry element Conduct of life
Form subdivision Humor.
9 (RLIN) 5687827
650 #0 - SUBJECT ADDED ENTRY--TOPICAL TERM
Topical term or geographic name as entry element Ethics
Form subdivision Humor.
9 (RLIN) 6443635
700 1# - ADDED ENTRY--PERSONAL NAME
Personal name May, Todd,
Dates associated with a name 1955-
Relator term author.
9 (RLIN) 38213
942 ## - ADDED ENTRY ELEMENTS (KOHA)
Source of classification or shelving scheme Dewey Decimal Classification
Koha item type BOOK
Holdings
Withdrawn status Lost status Source of classification or shelving scheme Damaged status Not for loan Collection code Home library Current library Shelving location Date acquired Source of acquisition Total Checkouts Total Renewals Full call number Barcode Date last seen Date checked out Cost, replacement price Price effective from Koha item type
    Dewey Decimal Classification     General NonFiction Wasatch County Library Wasatch County Library Second Floor 03/22/2022 Amazon 5 7 818 Schu 34301001824293 04/17/2024 08/20/2022 28.99 03/22/2022 BOOK
This project was made possible through a grant from the Institute of Museum and Library Service administered by the Utah State Library Division.

Wasatch County Library

  • 465 East 1200 South, Heber City, Utah 84032
  • Phone 435-654-1511 | Fax 435-654-6456

Hours

  • Monday - Friday 9:30 AM - 8:00 PM
  • Saturday 9:30 AM - 1:30 PM
  • Closed Sundays and Holidays